Premeny písania

Bibliographic Details
Main Author: Butor, Michel, 1926-2016 (Author)
Other Authors: Halvoník, Alexander, 1945- (Translator)
Format: Article
Language:Slovak
ISSN:0231-6269
Subjects:

MARC

LEADER 00000nab a2200000 a 4500
001 vtls000638129
003 SK-MaSNL
005 20260304094851.0
008 250425c1997 xo 0 slo
015 |a SNBRB19rr/mm-uuuuu 
035 |a CL0638268 
035 |a urn:nbn:sk:snk-abbr75 
035 |a (urnnbn)urn:nbn:sk:snk:ar-0053z1 
035 |a (uuid)92fb53e4-ce25-4769-9119-4ff3f9d4751b 
040 |a SNKBUCL  |b slo  |c SNKBUCL  |e AACR2 
041 0 |a slo 
044 |a xo  |c SK 
080 |a 840-4  |2 1981 
100 1 |a Butor, Michel,  |d 1926-2016  |4 aut  |9 182975 
245 1 0 |a Premeny písania  |c Michel Butor ; Prekl. Alexander Halvoník 
650 0 7 |a eseje  |2 snkbucl  |9 144629 
655 7 |a články z novín a časopisov  |2 snkbucl  |9 267496 
700 1 |a Halvoník, Alexander,  |d 1945-  |4 trl  |9 103645 
773 0 |t Revue svetovej literatúry  |g Roč. 33, č. 3 (1997), s. 85-100  |x 0231-6269 
850 |a Slovenská národná knižnica 
852 |a Slovenská národná knižnica 
958 |a article15 
958 |a OND 
958 |a LX 
958 |a FR 
958 |a RK 
958 |a EUIPO 
992 |a RBX 
999 |c 2829369  |d 2831299